LEADER 00805nam a2200205 i 4500 001 000000189331 003 CaOOAMICUS 005 20100507000000.0 008 100507s1930 fr u000 u fre u 013 $a167604 040 $aSeMil$bita 100 1 $aLoisy, Alfred,$d<1857-1940>.$0(OLS)http://semarc/name/2547 245 10$a1857-1900 /$cAlfred Loisy. 260 $aParis :$bNourry,$c1930. 300 $a589 p. ;$c25 cm. 773 0 $aLoisy, Alfred <1857-1940>$tMémoires pour servir à l'histoire religieuse de notre temps.$dParis : É. Nourry, 1930-1931.$gTome1$w()5982 850 $aSeMil 852 $aSeMil$W1$xVenegono$y1$m2X V 30$j139962$B139962$CSeMilBibl$Z2$F151566 $81 996 $6245$a1857-1900$9(OLS)http://semarc/title/272600 996 $6260$aParis :$bNourry$9(OLS)http://semarc/publisher/40542 LEADER 00973nam a2200217 i 4500 001 000000203583 003 CaOOAMICUS 005 20110701000000.0 008 110701n it u000 u ita u 013 $a182296 040 $aSeMil$bita 100 1 $aMistò, Luigi,$c.$0(OLS)http://semarc/name/3941 245 13$aIl nuovo Codice di Diritto Canonico :$bsguardo d'insieme e novità principali /$cDott. don Luigi Mistò. 300 $a24 p. 500 $aTitolo dalla copertina. 650 4$aDiritto canonico - Codice - Commentari, studi, critica e interpretazioni.$0(OLS)http://semarc/subject/329 773 0 $tCorso di aggiornamento teologico 1983-1984.$d[Milano : s.n., 1984]$g17$w()25136 850 $aSeMil 852 $aSeMil$W1$xVenegono$y1$m5B III 17/39$j154077$B154077$CSeMilBibl$Z2$F164970 $81 961 $aOmaggio: Altro 996 $6245$aIl nuovo Codice di Diritto Canonico :$bsguardo d'insieme e novità principali$9(OLS)http://semarc/title/409466